| 000 | 00837nam a2200253 a 4500 | ||
|---|---|---|---|
| 001 | BRCA_4674 | ||
| 005 | 20190320204748.0 | ||
| 008 | 040622s2004####sp-#######---#000-0#spa-# | ||
| 020 | _a8488333900 | ||
| 041 | _aspa | ||
| 044 | _asp | ||
| 050 | 4 |
_aPQ6277 _b.L85 2004 |
|
| 100 | 1 |
_aLuján, Pedro de. _911857 |
|
| 245 | 1 | 0 |
_aSilves de la Selva _b(Sevilla, Dominico de Robertis, 1546) : guía de lectura _cPedro de Luján y Isabel Romero Tabares. |
| 260 |
_aAlcalá de Henares [España] _bCentro de Estudios Cervantinos _c2004 |
||
| 300 |
_a100 p. _c24 cm. |
||
| 440 | 0 |
_aGuías de lectura caballeresca _v46 _911858 |
|
| 500 | _aIncluye índice general de la colección | ||
| 504 | _aBibliografía: p. [93]-95 | ||
| 650 | 1 | 4 |
_aLiteratura _zEspaña _911859 |
| 700 | 1 |
_aRomero Tabares, Isabel _911860 |
|
| 902 | _aCERV | ||
| 942 |
_2lcc _cB |
||
| 999 |
_c4375 _d4375 |
||